Memoria histórica y sujeto popular. /

Detalles Bibliográficos
Otros Autores: Bravo, Jorge Andrés (ed.)
Formato: Libro
Lenguaje:español
Publicado: Santiago ECO 1987
Colección:Educación y solidaridad 16
Materias:

MARC

LEADER 00000cam a2200000 a 4500
001 031162
003 UAHC_CL
005 20170803123316.0
008 010822s1987 cl 000 spa
040 |a UAHC_CL  |c UAHC_CL  |d UAHC_CL 
082 0 4 |a ECO 030-1318 
245 1 0 |a Memoria histórica y sujeto popular. /  |c editor Jorge Andrés Bravo. 
260 |b ECO  |c 1987  |a Santiago 
300 |a 80 p. 
490 0 |a Educación y solidaridad  |v 16 
651 4 |a CHILE  |x VIDA SOCIAL Y COSTUMBRES 
651 4 |a CHILE  |x HISTORIA 
653 |a SOCIOLOGIA 
700 1 |a Bravo, Jorge Andrés  |e ed. 
900 |a ECO 030-1318 
942 |c BK 
952 |0 0  |1 0  |4 0  |6 ECO_0301318  |7 0  |8 General  |9 60747  |a BC  |b BC  |c General  |d 2017-08-03  |l 1  |o ECO 030-1318  |p 1317270  |r 2019-01-04 00:00:00  |s 2018-04-23  |t 1  |w 2017-08-03  |y BK 
952 |0 0  |1 0  |4 0  |6 ECO_0301318  |7 0  |8 General  |9 60748  |a BC  |b BC  |c General  |d 2017-08-03  |l 1  |m 2  |o ECO 030-1318  |p 1373495  |r 2019-10-02 00:00:00  |s 2019-09-09  |t 2  |w 2017-08-03  |y BK 
999 |c 31162  |d 31162